Five Biggest U.S. Cities by Containing Letter - Statistics

General Stats
  • This quiz has been taken 2,041 times
  • The average score is 32 of 52
Answer Stats
Letters City % Correct
AEGLNOS Los Angeles
99%
EKNORWY New York
99%
ACGHIO Chicago
98%
HNOSTU Houston
97%
B Boston
96%
DLS Dallas
96%
ADEHILP Philadelphia
94%
EHINOPX Phoenix
94%
CFR San Francisco
94%
J Jackson
92%
ADEGIS San Diego
92%
CJKLV Jacksonville
89%
GW Washington
89%
DRV Denver
88%
AINST San Antonio
87%
GV Las Vegas
85%
TU Austin
84%
P Portland
83%
BM Baltimore
82%
V Nashville
78%
CLRT Charlotte
77%
J San Jose
77%
BQ Albuquerque
76%
DP Indianapolis
76%
KY Kansas City
76%
M Memphis
75%
KMY Oklahoma City
75%
FHRTW Fort Worth
73%
BCMU Columbus
72%
KMUW Milwaukee
69%
P El Paso
67%
UV Louisville
59%
F Fresno
55%
B Virginia Beach
55%
W Wichita
41%
JY Jersey City
36%
X Knoxville
36%
X Lexington
34%
FY Fort Wayne
33%
F Bakersfield
32%
X Sioux Falls
26%
Q Quincy
24%
Z Kalamazoo
16%
Z Bozeman
11%
J Joliet
11%
Z Elizabeth
10%
Z Santa Cruz
10%
Q Mesquite
9%
X Oxnard
9%
Q Dubuque
7%
Q Queen Creek
5%
Z Wentzville
4%
No matching quizzes found
Score Distribution
Percent of People with Each Score
Percentile by Number Answered
Your Score History
You have not taken this quiz